Nearly Seasons- Arsenal 2023/24 - Statistics

General Stats
  • This quiz has been taken 9 times
  • The average score is 18 of 22
Answer Stats
Hint Answer % Correct
Who was Arsenal's manager that season ? Mikel Arteta
100%
What was the aggregate score in the quarter finals? 3-2
88%
How many points did Arsenal finish 2nd with in the league, just 2 points behind the champions? 89
88%
Who knocked arsenal out in the Quarter Finals? Bayern Munich
88%
Who was Arsenal's top scorer across all competitions that season, scoring 16 in the league and 4 in the UCL ? Bukayo Saka
88%
The first North London derby of the season ended 2-2 on 24 September 2023 with Arsenal going 1-0 up after 26 minutes with an own goal from who? Cristian Romero
88%
Which future 2 time golden glove winning keeper was loaned in from Brentford? David Raya
88%
Who arrived for £105m from West Ham United? Declan Rice
88%
The chaos went as follows: Arsenal 1-0 Martinelli 20', 1-1 Osho 25', 2-1 Jesus 45', 2-2 Adebayo 49', 3-2 Barkley 57', 3-3 Havertz 60' and who for 3-4 at 90+7'? Declan Rice
88%
and 90+11' to go 3-1 up Gabriel Jesus
88%
Which former captain departed to Bayer Leverkusen for £21.4m ? Granit Xhaka
88%
Who was signed for £38.6m from Ajax? Jurrien Timber
88%
Who was signed for £65m from Chelsea that summer? Kai Havertz
88%
Arsenal where involved in a 7 goal thriller against who on 5 December 2023? Luton Town
88%
Who were the champions that season? Manchester CIty
88%
Who scored after 87 minutes for Aston Villa on 14 April 2024 at the Emirates, to dent Arsenal's title dreams and deny them for a 2nd season in a row ? Ollie Watkins
88%
In a dramatic late turnaround against Man United at the Emirates on 3 September 2023 who scored after 90+6' minutes to put Arsenal in front? Declan Rice
75%
In the UEFA Champions League, Arsenal topped their group after beating PSV, Sevilla twice and who? Lens
63%
Who did Arsenal knock out in the Ro16 on penalties? Porto
63%
Who did Arsenal beat in the first Premier League game? Nottingham Forest
50%
Who scored Arsenal's goals in that tie? Saka, Trossard
50%
Arsenal recorded their biggest win of the season (0-6) in the League against who on 4 March 2024 Sheffield United
38%
No matching quizzes found
Score Distribution
Percent of People with Each Score
Percentile by Number Answered
Your Score History
You have not taken this quiz